000
00325nam a22001457a 4500
008
221117b ||||| |||| 00| 0 eng d
020
_a
0130087483
041
_a
eng
080
_2
FOURTH EDITION
_a
159.9
082
_a
159.9ROG
100
_a
25
101
_a
PSI
245
_a
ADOLESCENTS&YOUTH
_c
ROGERS D
942
_2
udc
_c
BK
999
_c
58916
_d
58916